| 000 | 00354 a2200121 4500 | ||
|---|---|---|---|
| 005 | 20250629164143.0 | ||
| 082 | _a344.71'046 ENV | ||
| 245 | _aProceeding: Environmental Law in the 1980s'A new Beginning | ||
| 260 |
_aToronto _bCanadian Institute of Resources Law. _c1982. |
||
| 300 |
_aiv,232p. _c27cm. |
||
| 700 | _aFRINKLE,P. & LUCAS,R.A. | ||
| 942 |
_2ddc _cBKS |
||
| 999 |
_c6441 _d6441 |
||